00351nam a2200109Ia 4500008004100000040001200041082001400053100003400067245006400101260006300165300001300228200103s9999||||xx |||||||||||||| ||und|| aIMU-MPC aColumn-53 aLewis, W. E. and Pryce, D. G. 4aThe application of Matrix Theory to Electrical Engineering  bScience Paperbackes and E. & F. N. Spon Ltd., Londonc1965 axii, 195